Reklama (história versus súčasnosť)

Počiatky reklamy na našom území do roku 1918. Reklama od vzniku Československa do roku 1948. Asociácie reklamných agentúr. Reklamné podujatia na Slovensku. Štúdium reklamy. Prvé špecializované vysokoškolské štúdium propagácie v SR.

Guardado en:
Detalles Bibliográficos
Autor principal: Horňák, Pavel
Formato: Capítulo de libro
Lenguaje:eslovaco
Materias:
Etiquetas: Agregar Etiqueta
Sin Etiquetas, Sea el primero en etiquetar este registro!

MARC

LEADER 00000naa a2200000 4500
001 r049082
005 20231004100839.9
041 0 |a slo 
044 |a CZ 
245 1 0 |a Reklama  |b (história versus súčasnosť)  |c Pavel Horňák 
520 |a Počiatky reklamy na našom území do roku 1918. Reklama od vzniku Československa do roku 1948. Asociácie reklamných agentúr. Reklamné podujatia na Slovensku. Štúdium reklamy. Prvé špecializované vysokoškolské štúdium propagácie v SR. 
610 2 0 |a reklama 
610 2 0 |a propagácia 
610 2 0 |a história 
610 2 0 |a Európa 
610 2 0 |a Slovensko 
610 2 0 |a marketing 
610 2 0 |a obchod 
610 2 0 |a agentúry 
610 2 0 |a vzdelávanie 
100 1 |a Horňák, Pavel